[Event "Krakow Malopolski Cup"]
[Site "Krakow"]
[Date "2022.08.05"]
[Round "3"]
[White "Golda, Sebastian"]
[Black "Kozlowski, Franciszek"]
[Result "1-0"]
[WhiteElo "2085"]
[BlackElo "1702"]
[PlyCount "111"]
[EventDate "2022.08.04"]
[EventType "swiss"]
[EventRounds "9"]
[EventCountry "POL"]
[SourceTitle "CBM 209 Extra"]
[Source "ChessBase"]
[SourceDate "2022.09.30"]
[SourceVersion "1"]
[SourceVersionDate "2022.09.30"]
[SourceQuality "1"]

1. e4 c5 2. Nf3 Nc6 3. d4 cxd4 4. Nxd4 Nf6 5. Nc3 e5 6. Ndb5 d6 7. Bg5 a6 8. Na3 b5 9. Bxf6 gxf6 10. Nd5 f5 11. Bd3 Be6 12. c3 Bg7 13. Nxb5 axb5 14. Bxb5 Bd7 15. exf5 Nb8 16. Bd3 Bc6 17. Be4 Bxd5 18. Bxd5 Ra5 19. 0-0 0-0 20. a4 Nd7 21. b4 Ra7 22. a5 Qc7 23. Ra3 Nf6 24. c4 Rc8 25. Rg3 Kh8 26. Qd2 Nxd5 27. cxd5 f6 28. Ra1 Qc4 29. h3 Rb7 30. Rb1 Rb5 31. Rd3 Qe4 32. Rc1 Rcb8 33. a6 Qxb4 34. Qxb4 Rxb4 35. Rdc3 Rb1 36. Rxb1 Rxb1+ 37. Kh2 Rb8 38. a7 Ra8 39. Rb3 Rxa7 40. Rb8+ Bf8 41. Rxf8+ Kg7 42. Rd8 Ra6 43. Kg3 Kf7 44. Rd7+ Ke8 45. Rxh7 Ra5 46. Kg4 Rxd5 47. Kh5 Rd2 48. Kg6 Rxf2 49. g4 e4 50. Kxf6 Kd8 51. Re7 d5 52. Re5 Rd2 53. g5 Kd7 54. g6 Kd6 55. Re6+ Kc5 56. g7 1-0

[Event "POL-chT 1st League"]
[Site "Szklarska Poreba"]
[Date "2021.09.11"]
[Round "8.11"]
[White "Hemmerling, Jaroslaw"]
[Black "Golda, Sebastian"]
[Result "0-1"]
[WhiteElo "1935"]
[BlackElo "2053"]
[PlyCount "118"]
[EventDate "2021.09.04"]
[EventType "team-swiss"]
[EventRounds "9"]
[EventCountry "POL"]
[SourceTitle "CBM 204 Extra"]
[Source "ChessBase"]
[SourceDate "2021.11.30"]
[SourceVersion "1"]
[SourceVersionDate "2021.11.30"]
[SourceQuality "1"]
[WhiteTeam "Lipno Steszew"]
[BlackTeam "Krakow KKSz"]
[WhiteTeamCountry "POL"]
[BlackTeamCountry "POL"]

1. e4 c5 2. Nf3 d6 3. Nc3 a6 4. a4 g6 5. d4 cxd4 6. Nxd4 Bg7 7. Be3 Nc6 8. Be2 Nf6 9. 0-0 0-0 10. h3 Bd7 11. Qd2 Rc8 12. Rad1 Qc7 13. f4 Nxd4 14. Bxd4 Bc6 15. Qe3 Nd7 16. Bxg7 Kxg7 17. Bg4 Rcd8 18. Bxd7 Rxd7 19. f5 Qa5 20. Kh1 Qe5 21. b4 Rc7 22. Qb6 Rfc8 23. Nd5 Bxd5 24. Rxd5 Qxe4 25. f6+ exf6 26. Qxd6 Rc6 27. Rd4 Rxd6 28. Rxe4 Rxc2 29. Re7 Ra2 30. a5 b6 31. Ra7 bxa5 32. bxa5 Rxa5 33. Rc1 f5 34. Rcc7 Rf6 35. Kh2 f4 36. h4 Ra2 37. h5 f3 38. h6+ Kxh6 39. Rxf7 Rxg2+ 40. Kh1 Rxf7 41. Rxf7 Ra2 42. Rxf3 a5 43. Rh3+ Kg7 44. Rc3 h5 45. Rc7+ Kh6 46. Rc6 a4 47. Rb6 a3 48. Ra6 h4 49. Ra4 Kh5 50. Kg1 g5 51. Kh1 h3 52. Kg1 g4 53. Kh1 Kh4 54. Rc4 Rb2 55. Rd4 a2 56. Ra4 Kg3 57. Ra3+ Kf2 58. Ra4 g3 59. Rxa2 g2+ 0-1

[Event "POL-chT 1st League"]
[Site "Szklarska Poreba"]
[Date "2021.09.07"]
[Round "4.11"]
[White "Golda, Sebastian"]
[Black "Kulesza, Andrzej"]
[Result "1/2-1/2"]
[WhiteElo "2053"]
[BlackElo "1983"]
[PlyCount "140"]
[EventDate "2021.09.04"]
[EventType "team-swiss"]
[EventRounds "9"]
[EventCountry "POL"]
[SourceTitle "CBM 204 Extra"]
[Source "ChessBase"]
[SourceDate "2021.11.30"]
[SourceVersion "1"]
[SourceVersionDate "2021.11.30"]
[SourceQuality "1"]
[WhiteTeam "Krakow KKSz"]
[BlackTeam "Krakow Gens Una Sumus"]
[WhiteTeamCountry "POL"]
[BlackTeamCountry "POL"]

1. e4 c5 2. b4 cxb4 3. Bb2 d6 4. d4 Nf6 5. Bd3 g6 6. f4 Bg7 7. Nf3 0-0 8. 0-0 b6 9. Qe2 Bb7 10. Nbd2 Nc6 11. d5 Nb8 12. a3 bxa3 13. Rxa3 Nbd7 14. Nb3 Nc5 15. Nxc5 bxc5 16. c4 Bc8 17. e5 Nh5 18. Ng5 dxe5 19. fxe5 e6 20. Nxh7 Kxh7 21. Qxh5+ Kg8 22. Qe2 exd5 23. cxd5 Rb8 24. Ba1 Qxd5 25. Bc4 Qc6 26. Rxa7 Be6 27. h4 Bxc4 28. Qxc4 Qe6 29. Qxc5 Rbc8 30. Qe7 Rce8 31. Qxe6 Rxe6 32. Ra5 Rfe8 33. Ra7 Rf8 34. Re1 Rfe8 35. Ra5 f6 36. Re4 fxe5 37. Kh2 Kh7 38. Kh3 R8e7 39. Kg4 Re8 40. g3 R8e7 41. Rb5 Kg8 42. Bb2 Kf7 43. Ba3 Rd7 44. Bb2 Rde7 45. Rd5 Kg8 46. Ba3 Ra7 47. Bc5 Rb7 48. Rd3 Kh7 49. Kf3 Rf7+ 50. Kg4 Rb7 51. Rd8 Rc7 52. Rd6 Re8 53. Bb6 Rb7 54. Bd8 Rf7 55. Bg5 Rc8 56. Ra4 Rc3 57. Kh3 Bf8 58. Re6 Bc5 59. Re4 Bf2 60. Rg4 Rff3 61. Re7+ Kg8 62. Rxe5 Rxg3+ 63. Rxg3 Bxg3 64. Re8+ Kf7 65. Re7+ Kf8 66. Kg4 Bd6 67. Re3 Rxe3 68. Bxe3 Kg7 69. Bd4+ Kh7 70. Kg5 Bg3 1/2-1/2

[Event "Krakow Malopolska-ch"]
[Site "Krakow"]
[Date "2021.06.03"]
[Round "1"]
[White "Golda, Sebastian"]
[Black "Zylka, Stanislaw"]
[Result "0-1"]
[WhiteElo "2086"]
[BlackElo "2377"]
[PlyCount "62"]
[EventDate "2021.06.03"]
[EventType "swiss"]
[EventRounds "7"]
[EventCountry "POL"]
[SourceTitle "CBM 202 Extra"]
[Source "ChessBase"]
[SourceDate "2021.07.31"]
[SourceVersion "1"]
[SourceVersionDate "2021.07.31"]
[SourceQuality "1"]

1. e4 Nf6 2. e5 Nd5 3. d4 d6 4. Nf3 dxe5 5. Nxe5 c6 6. Qf3 Be6 7. c3 Nd7 8. Nxd7 Qxd7 9. Bd3 g6 10. 0-0 Bg7 11. Nd2 0-0 12. Re1 Rae8 13. Nc4 f6 14. Qg3 Bf7 15. a4 b6 16. h4 Kh8 17. Bd2 Rd8 18. Ne3 Nxe3 19. Bxe3 e5 20. Bc2 exd4 21. Bxd4 c5 22. Be3 Rfe8 23. a5 Bd5 24. axb6 axb6 25. h5 gxh5 26. Ra6 Rg8 27. Qh4 f5 28. Qxh5 Bxc3 29. Bxf5 Rxg2+ 30. Kf1 Qg7 31. bxc3 Bc4+ 0-1

[Event "Krakow op-A 31st"]
[Site "Krakow"]
[Date "2020.12.27"]
[Round "1"]
[White "Golda, Sebastian"]
[Black "Paszewski, Mateusz"]
[Result "0-1"]
[WhiteElo "2114"]
[BlackElo "2302"]
[PlyCount "68"]
[EventDate "2020.12.27"]
[EventType "swiss"]
[EventRounds "9"]
[EventCountry "POL"]
[SourceTitle "CBM 200 Extra"]
[Source "ChessBase"]
[SourceDate "2021.03.31"]
[SourceVersion "1"]
[SourceVersionDate "2021.03.31"]
[SourceQuality "1"]

1. e4 c6 2. d4 d5 3. Nd2 dxe4 4. Nxe4 Nf6 5. Nxf6+ exf6 6. c3 Bd6 7. Bd3 0-0 8. Qc2 Re8+ 9. Ne2 h5 10. Be3 Nd7 11. 0-0-0 Nf8 12. Ng3 g6 13. Ne4 Be6 14. Kb1 f5 15. Nxd6 Qxd6 16. Qc1 b5 17. f3 a5 18. Rhe1 a4 19. Ka1 Nd7 20. Bf4 Qd5 21. Qb1 Kg7 22. g4 a3 23. b3 Qxf3 24. gxf5 Bxf5 25. Rf1 Bxd3 26. Rxd3 Qg2 27. Rg3 Qe2 28. Rgf3 f6 29. Rg3 g5 30. h4 g4 31. Rgg1 Re4 32. Bc1 Rae8 33. Bxa3 Nb6 34. Bb2 Nd5 0-1

[Event "POL-chT 2nd League"]
[Site "Poronin"]
[Date "2020.09.05"]
[Round "1.4"]
[White "Golda, Sebastian"]
[Black "Jaworski, Miroslaw"]
[Result "1-0"]
[WhiteElo "2111"]
[BlackElo "2196"]
[PlyCount "103"]
[EventDate "2020.09.05"]
[EventType "team-swiss"]
[EventRounds "9"]
[EventCountry "POL"]
[SourceTitle "CBM 198 Extra"]
[Source "ChessBase"]
[SourceDate "2020.11.30"]
[SourceVersion "1"]
[SourceVersionDate "2020.11.30"]
[SourceQuality "1"]
[WhiteTeam "Krakow Klub Szachistow"]
[BlackTeam "Raciborz Silesia"]
[WhiteTeamCountry "POL"]
[BlackTeamCountry "POL"]

1. e4 c6 2. d4 d5 3. Nc3 dxe4 4. Nxe4 Bf5 5. Ng3 Bg6 6. Nh3 e6 7. Nf4 Bd6 8. Ngh5 Bxh5 9. Nxh5 g6 10. Ng3 Nf6 11. c3 Nbd7 12. Bc4 Qc7 13. Qf3 h5 14. Bg5 Be7 15. h4 Qd8 16. 0-0-0 Nb6 17. Bb3 Nh7 18. Bxe7 Qxe7 19. Ne4 0-0-0 20. Rhe1 Kb8 21. g3 Rhe8 22. c4 Ka8 23. c5 Nc8 24. Bc4 Rd7 25. Re3 Red8 26. Red3 f5 27. Nc3 Qf6 28. Qe3 Nf8 29. b4 Ne7 30. a4 f4 31. Qd2 fxg3 32. fxg3 Nf5 33. Ne2 e5 34. d5 e4 35. Rc3 cxd5 36. Bb5 Rc7 37. c6 bxc6 38. Qc2 Rdc8 39. Nf4 Ne3 40. Nxd5 cxd5 41. Rxc7 Nxc2 42. Rxc8+ Kb7 43. Rxc2 e3 44. Kb1 d4 45. Rf1 Qe7 46. Bc4 Ne6 47. Bd5+ Kb8 48. Rfc1 Qe8 49. Rc8+ Qxc8 50. Rxc8+ Kxc8 51. Bxe6+ Kc7 52. Kc2 1-0

[Event "Krakow op-A 28th"]
[Site "Krakow"]
[Date "2017.12.27"]
[Round "1"]
[White "Hnydiuk, Aleksander"]
[Black "Golda, Sebastian"]
[Result "1-0"]
[WhiteElo "2412"]
[BlackElo "2173"]
[PlyCount "77"]
[EventDate "2017.12.27"]
[EventType "swiss"]
[EventRounds "9"]
[EventCountry "POL"]
[SourceTitle "CBM 182 Extra"]
[Source "ChessBase"]
[SourceDate "2018.02.23"]
[SourceVersion "1"]
[SourceVersionDate "2018.02.23"]
[SourceQuality "1"]

1. Nf3 Nf6 2. c4 g6 3. d4 Bg7 4. g3 d6 5. Bg2 0-0 6. Nc3 Nc6 7. 0-0 Bf5 8. Ne1 e5 9. d5 Na5 10. e4 Bg4 11. f3 Bd7 12. b3 Qc8 13. Be3 b6 14. Rc1 Nh5 15. Qd2 f5 16. Nd3 Qd8 17. Ne2 Nb7 18. b4 Qe7 19. Nc3 Rf7 20. c5 bxc5 21. bxc5 dxc5 22. Rb1 Nd6 23. Bxc5 Nc4 24. Qe2 Qg5 25. f4 exf4 26. gxf4 Qh4 27. e5 Bc8 28. Rb4 Nb6 29. d6 Rb8 30. e6 Bxe6 31. Qxe6 Bxc3 32. dxc7 Rbf8 33. Bxf8 Kxf8 34. c8Q+ Nxc8 35. Qxc8+ Kg7 36. Qxc3+ Nf6 37. Rfb1 Kh6 38. Rb7 Rf8 39. Qe1 1-0

[Event "POL-chT 2nd League"]
[Site "Szklarska Poreba"]
[Date "2017.09.02"]
[Round "1.9"]
[White "Szmyd, Arkadiusz"]
[Black "Golda, Sebastian"]
[Result "0-1"]
[WhiteElo "2136"]
[BlackElo "2115"]
[PlyCount "106"]
[EventDate "2017.09.02"]
[EventType "team-swiss"]
[EventRounds "9"]
[EventCountry "POL"]
[SourceTitle "CBM 180 Extra"]
[Source "ChessBase"]
[SourceDate "2017.10.06"]
[SourceVersion "1"]
[SourceVersionDate "2017.10.06"]
[SourceQuality "1"]
[WhiteTeam "Roszada Zory"]
[BlackTeam "Krakow KKSz"]
[WhiteTeamCountry "POL"]
[BlackTeamCountry "POL"]

1. e4 c5 2. Nf3 d6 3. d4 cxd4 4. Nxd4 Nf6 5. Nc3 a6 6. Bg5 e6 7. f4 Qb6 8. Bxf6 gxf6 9. Qd2 Nc6 10. Nb3 Bd7 11. 0-0-0 0-0-0 12. Kb1 Kb8 13. Be2 Rg8 14. Bh5 Rg7 15. g4 Rc8 16. h4 h6 17. Rh3 Rc7 18. a3 Na5 19. Nxa5 Qxa5 20. f5 Rh7 21. Ne2 Qe5 22. Re3 Bc6 23. Re1 Qh2 24. Rd1 Qe5 25. Nd4 Be7 26. Qb4 Bxe4 27. Qe1 d5 28. fxe6 Bc5 29. exf7 Rhxf7 30. Bxf7 Bxd4 31. Rxe4 dxe4 32. Qb4 Bxb2 33. Qxb2 Qxb2+ 34. Kxb2 Rxf7 35. Re1 Re7 36. Kc3 Rc7+ 37. Kb3 Re7 38. Re3 b5 39. c4 Kb7 40. cxb5 axb5 41. Kc3 h5 42. Kd4 hxg4 43. Rxe4 Rg7 44. Re2 g3 45. Rg2 Rg4+ 46. Kd5 f5 47. h5 f4 48. Ke4 Kb6 49. Kf3 Rh4 50. Rb2 Rxh5 51. Kxf4 Rh2 52. Rb1 g2 53. Rg1 Ka5 0-1

[Event "POL-chT U20 1st League"]
[Site "Szczyrk"]
[Date "2017.07.25"]
[Round "4.14"]
[White "Kasprzyk, Maciej"]
[Black "Golda, Sebastian"]
[Result "0-1"]
[WhiteElo "1547"]
[BlackElo "2028"]
[PlyCount "86"]
[EventDate "2017.07.22"]
[EventType "team-tourn"]
[EventRounds "9"]
[EventCountry "POL"]
[SourceTitle "EXT 2019"]
[Source "ChessBase"]
[SourceDate "2018.10.10"]
[SourceVersion "1"]
[SourceVersionDate "2018.10.10"]
[SourceQuality "1"]

1. Nf3 Nf6 2. g3 g6 3. b3 Bg7 4. Bb2 d6 5. d4 0-0 6. Bg2 Nc6 7. 0-0 Nd7 8. Qd2 e5 9. dxe5 dxe5 10. c4 f5 11. Ng5 Nf6 12. Qxd8 Rxd8 13. Bxc6 bxc6 14. Bxe5 Re8 15. f4 Ng4 16. Bxg7 Kxg7 17. Nc3 Ne3 18. Rfd1 Nxd1 19. Rxd1 h6 20. Nf3 Be6 21. Ne5 Rad8 22. Rxd8 Rxd8 23. Nxc6 Rd2 24. Nxa7 Rc2 25. Ncb5 Rxa2 26. Nc6 Bd7 27. Nb4 Ra1+ 28. Kf2 Bxb5 29. cxb5 Ra5 30. Nd5 c6 31. bxc6 Rxd5 32. b4 Rd4 33. b5 Rc4 34. Ke3 Kf7 35. Kd3 Rc1 36. Kd4 Ke6 37. e4 fxe4 38. Kxe4 Rc5 39. g4 Rxb5 40. c7 Rc5 41. f5+ gxf5+ 42. gxf5+ Kf6 43. h4 Rxc7 0-1

[Event "Liptovsky Mikulas CupT U20"]
[Site "Liptovsky Mikulas"]
[Date "2017.06.22"]
[Round "2.2"]
[White "Holly, Andrej"]
[Black "Golda, Sebastian"]
[Result "1-0"]
[WhiteElo "1817"]
[BlackElo "1997"]
[PlyCount "87"]
[EventDate "2017.06.21"]
[EventType "team-swiss"]
[EventRounds "8"]
[EventCountry "SVK"]
[SourceTitle "CBM 179 Extra"]
[Source "ChessBase"]
[SourceDate "2017.08.23"]
[SourceVersion "1"]
[SourceVersionDate "2017.08.23"]
[SourceQuality "1"]
[WhiteTeam "Liptov Chess School"]
[BlackTeam "Krakow CC"]
[WhiteTeamCountry "SVK"]
[BlackTeamCountry "POL"]

1. e4 c5 2. Nf3 d6 3. d4 cxd4 4. Nxd4 Nf6 5. Nc3 a6 6. Be3 e5 7. Nb3 Be7 8. f3 0-0 9. Qd2 Be6 10. 0-0-0 a5 11. a4 Nc6 12. g4 Nb4 13. g5 Nh5 14. Rg1 Rc8 15. Kb1 f5 16. gxf6 Rxf6 17. Bg5 Rxf3 18. Bxe7 Qxe7 19. Qxd6 Qf7 20. Be2 Rh3 21. Qxe5 Nf4 22. Rdf1 Rh4 23. Qg5 Rxc3 24. bxc3 Bxb3 25. Qd8+ Qf8 26. Qxf8+ Kxf8 27. cxb3 Nc6 28. Rg4 Rxg4 29. Bxg4 g5 30. h4 h6 31. hxg5 hxg5 32. Kc2 Ke7 33. Rh1 Ne5 34. Bc8 b6 35. Rh6 Neg6 36. Bf5 Kf6 37. Bxg6 Nxg6 38. Kd3 g4 39. Ke3 Kg5 40. Rxg6+ Kxg6 41. Kf4 Kf6 42. Kxg4 Ke5 43. Kf3 Kd6 44. Kf4 1-0